000 01715 a2200325 4500
001 58457
005 20260407155841.0
008 260407a1970 arg spa d
003 AR-UNSa-BCEJYS
040 _aAR-UNSa-BCEJYS
_bspa
_cAR-UNSa-BCEJYS
080 _a658
_xAdministración de empresas. Organización comercial
245 1 0 _aEnsayos sobre la ciencia de la administración
264 1 _aBuenos Aires :
_bICAP (Instituto Centroamericano de Administración Pública)
_c1970
300 _a198 p.
_c27 cm.
505 _a1. Notas sobre la teoría de la organización / Luther Gulick - 2. La organización como un problema técnico / por L. Urwick - 3. Los principios de la organización / por James D. Mooney - 4. La teoría administrativa en el estado / por Henri Fayol - 5. La función de la administración / por L. Urwick - 6. La necesidad de mejorar la tecnología de las ciencias políticas / por Henry I. Denninson - 7. Los efectos del ambiente social / por L. J. Henderson, I. N. Whitehead y Elton Mayo - 8. El proceso del control / por Mary Parker Follet - 9. Los pros y los contras de la funcionalización / por John Lee - 10. Las relaciones dentro de la organización / por V. A. Graicunas - 11. La ciencia, los valores abstractos y la administración pública / por Luther Gulick
041 _aspa
942 _cBK
590 _aniveau_biblio:m niveau_hierar:0
100 1 _aGulick, Luther
700 1 _aUrwick, L.
700 1 _aMooney, James D.
700 1 _aFayol, Henri
700 1 _aDennison, Henry S.
700 1 _aHenderson, L.J.
700 1 _aWhitehead, T.N.
700 1 _aMayo, Elton
700 1 _aParker Follett, Mary
700 1 _aLee, John
700 1 _aGraicunas, V.A.
999 _c6422
_d6422